O livro da consciência (Registo nº 200492)
[ vista simples ]
| 000 -Etiqueta do registo | |
|---|---|
| Valores | 00564nam 22001933 4500 |
| 010 ## - Número ISBN | |
| ISBN | 978-989-644-120-3 |
| 021 ## - Número do Depósito Legal | |
| Número | 315763/10 |
| 100 ## - Dados gerais de processamento | |
| Dados gerais | 20260210d u||y0pory50 ba |
| 200 ## - Titulo e menção de responsabilidade | |
| Título próprio | O livro da consciência |
| Informação de outro título | a construção do cérebro consciente |
| Primeira menção de responsabilidade | António Damásio |
| 210 ## - Publicação | |
| Local de publicação | Lisboa |
| Nome do editor | Circulo de Leitores |
| Data de publicação | 2010 |
| 215 ## - Descrição física | |
| Paginação / Volumes | 437 p. |
| Outras indicações físicas | brochado |
| Dimensões | 23 cm |
| 606 ## - Nome comum usado como assunto | |
| ID Autoridade | 927 |
| Palavra de ordem | Medicina |
| 675 ## - CDU | |
| Notação | 61 |
| Edição | PT |
| Língua | por |
| 700 ## - Autor principal (pessoa individual) | |
| ID Autoridade | 9219 |
| Apelido | Damásio |
| Nome | António |
| Datas | 1944 - |
| 801 ## - Fonte de origem | |
| País | PT |
| Agência | BMMN |
| Regras de catalogação | RPC |
| 830 ## - Notas gerais do catalogador | |
| Criado por | Fernando |
| Indexado por | Fernando |
| 990 ## - Elementos KOHA | |
| Tipo de documento | Livro |
| Situação do levantamento | Biblioteca de origem | Código de barras | Cota | Permissão de empréstimo | Tipo de documento | Forma de aquisição |
|---|---|---|---|---|---|---|
| Biblioteca Municipal de Montemor-o-Novo | 29673 | 61 DAM|DEP | Livro | Compra |